National service scheme : (Record no. 169512)

MARC details
000 -LEADER
fixed length control field 00670nam a22002057a 4500
005 - DATE AND TIME OF LATEST TRANSACTION
control field 20191122110926.0
010 ## - LCCN (DPL NO)
LC control number ENG-126976
020 ## - INTERNATIONAL STANDARD BOOK NUMBER
International Standard Book Number 9789389146042
Terms of availability 250.00
035 ## - SYSTEM CONTROL NUMBER
System control number EN-110508
037 ## - SOURCE OF ACQUISITION
Source of stock number/acquisition DBAD/PUB
082 ## - DEWEY DECIMAL CLASSIFICATION NUMBER
Classification number 331.34
100 ## - MAIN ENTRY--PERSONAL NAME
Personal name Ganesan, M.P
245 ## - TITLE STATEMENT
Title National service scheme :
Statement of responsibility, etc by M.P.Ganesan [and] M.Pandi
Remainder of title an over-view /
260 ## - PUBLICATION, DISTRIBUTION, ETC. (IMPRINT)
Place of publication, distribution, etc Tamil Nadu
Name of publisher, distributor, etc Shanlax Publications
Date of publication, distribution, etc 2019
270 ## - ADDRESS
Address 61, 66 T.P.K. Main Road
City Vasanta Nagar, Madurai
Postal code 625003
Telephone number 0452-4208765
Electronic mail address publisher@shanlaxpublication.com
300 ## - PHYSICAL DESCRIPTION
Extent 171p.
Dimensions 21cm(pbk)
500 ## - GENERAL NOTE
General note Includes references
700 ## - ADDED ENTRY--PERSONAL NAME
Personal name Pandi, M.
942 ## - ADDED ENTRY ELEMENTS (KOHA)
Source of classification or shelving scheme Dewey Decimal Classification
Item type English Books
Classification part 331.34
Call number suffix GAN
Holdings
Withdrawn status Lost status Not for loan Collection code Home library Current library Date acquired Source of acquisition Cost, normal purchase price Full call number Barcode Copy number Cost, replacement price Koha item type
      Non-fiction Sarojini Nagar Sarojini Nagar 22/11/2019 DBAD/PUB 250.00 331.34 GAN EN-110508 1 250.00 English Books

© Delhi Public Library
Hit Counter
free hit counter